<?xml version="1.0" encoding="UTF-8"?>
<collection xmlns="http://www.loc.gov/MARC21/slim">
 <record>
  <leader>02070nam a2200277 a 4500</leader>
  <controlfield tag="001">1/45291</controlfield>
  <controlfield tag="008">140822s2003    us            001 0 eng  </controlfield>
  <datafield tag="020" ind1=" " ind2=" ">
   <subfield code="a">9781931836746</subfield>
  </datafield>
  <datafield tag="020" ind1=" " ind2=" ">
   <subfield code="a">1931836744 (electronic bk.)</subfield>
  </datafield>
  <datafield tag="035" ind1=" " ind2=" ">
   <subfield code="l">48251</subfield>
  </datafield>
  <datafield tag="040" ind1=" " ind2=" ">
   <subfield code="a">OPELS</subfield>
   <subfield code="b">eng</subfield>
   <subfield code="c">OPELS</subfield>
   <subfield code="d">WAU</subfield>
   <subfield code="d">OCLCQ</subfield>
   <subfield code="d">OCLCF</subfield>
   <subfield code="d">GR-PeUP</subfield>
  </datafield>
  <datafield tag="100" ind1="1" ind2=" ">
   <subfield code="a">Beale, Jay.</subfield>
  </datafield>
  <datafield tag="245" ind1="1" ind2="0">
   <subfield code="a">Snort 2.0 intrusion detection</subfield>
   <subfield code="h">[electronic resource] /</subfield>
   <subfield code="c">Jay Beale, James C. Foster.</subfield>
  </datafield>
  <datafield tag="260" ind1=" " ind2=" ">
   <subfield code="a">Rockland, Mass. :</subfield>
   <subfield code="b">Syngress ;</subfield>
   <subfield code="a">Oxford :</subfield>
   <subfield code="b">Elsevier Science,</subfield>
   <subfield code="c">c2003.</subfield>
  </datafield>
  <datafield tag="300" ind1=" " ind2=" ">
   <subfield code="a">1 online resource (xxviii, 523 p.) :</subfield>
   <subfield code="b">ill.</subfield>
  </datafield>
  <datafield tag="520" ind1=" " ind2=" ">
   <subfield code="a">The incredible low maintenance costs of Snort combined with its powerful security features make it one of the fastest growing IDSs within corporate IT departments. Snort 2.0 Intrusion Detection is the first book dealing with the Snort IDS and is written by a member of Snort.org. Readers will receive valuable insight to the code base of Snort and in-depth tutorials of complex installation, configuration, and troubleshooting scenarios. The primary reader will be an individual who has a working knowledge of the TCP/IP protocol, expertise in some arena of IT infrastructure, and is inquisitive about what has been attacking their IT network perimeter every 15 seconds. The most up-to-date and comprehensive coverage for Snort 2.0! Expert Advice from the Development Team and Step-by-Step Instructions for Installing, Configuring, and Troubleshooting the Snort 2.0 Intrusion Detection System Free CD Contains the Latest Version of Snort and Popular Plug-Ins Including ACID, Barnyard, and Swatch.</subfield>
  </datafield>
  <datafield tag="500" ind1=" " ind2=" ">
   <subfield code="a">Includes index.</subfield>
  </datafield>
  <datafield tag="630" ind1="0" ind2="0">
   <subfield code="a">Snort (Software)</subfield>
  </datafield>
  <datafield tag="650" ind1=" " ind2="4">
   <subfield code="a">Intrusion detection systems (Computer security)</subfield>
  </datafield>
  <datafield tag="650" ind1=" " ind2="4">
   <subfield code="a">Computer security.</subfield>
  </datafield>
  <datafield tag="655" ind1=" " ind2="4">
   <subfield code="a">Electronic books.</subfield>
  </datafield>
  <datafield tag="700" ind1="1" ind2=" ">
   <subfield code="a">Foster, James C.</subfield>
  </datafield>
  <datafield tag="852" ind1=" " ind2=" ">
   <subfield code="a">INST</subfield>
   <subfield code="b">UNIPILB</subfield>
   <subfield code="c">EBOOKS</subfield>
   <subfield code="e">20140822</subfield>
   <subfield code="p">00b48251</subfield>
   <subfield code="q">00b48251</subfield>
   <subfield code="t">ONLINE</subfield>
   <subfield code="y">0</subfield>
  </datafield>
  <datafield tag="856" ind1="4" ind2="0">
   <subfield code="3">ScienceDirect</subfield>
   <subfield code="u">http://www.sciencedirect.com/science/book/9781931836746</subfield>
  </datafield>
  <datafield tag="856" ind1="4" ind2=" ">
   <subfield code="d">/webopac/covers/03/48251_9781931836746.jpg</subfield>
  </datafield>
  <datafield tag="856" ind1="4" ind2=" ">
   <subfield code="d">/webopac/covers/03/48251_1931836744.jpg</subfield>
   <subfield code="z">(electronic bk.)</subfield>
  </datafield>
 </record>
</collection>
